| 000 | 00000cam 2200000zi 4500 |
| 001 | 9.962640 |
| 003 | CaOODSP |
| 005 | 20260507115608 |
| 006 | m o d f |
| 007 | cr bn||||||||| |
| 008 | 260506s2026 onc ol f000 0 eng d |
| 040 | |aCaOODSP|beng|erda|cCaOODSP |
| 041 | 0 |aeng|afre |
| 043 | |an-cn---|aa-io--- |
| 086 | 1 |aYX4-2026/8-PDF |
| 110 | 1 |aCanada.|eenacting jurisdiction. |
| 245 | 13|aAn Act to implement the Comprehensive Economic Partnership Agreement between Canada and Indonesia = |bLoi portant mise en œuvre de l’Accord de partenariat économique global entre le Canada et l’Indonésie. |
| 246 | 11|aLoi portant mise en œuvre de l’Accord de partenariat économique global entre le Canada et l’Indonésie |
| 246 | 1 |iShort title: |aCanada–Indonesia Comprehensive Economic Partnership Agreement Implementation Act |
| 264 | 1|a[Ottawa] : |b[House of Commons of Canada], |c2026. |
| 300 | |a1 online resource (iv, 70 pages). |
| 336 | |atext|btxt|2rdacontent |
| 337 | |acomputer|bc|2rdamedia |
| 338 | |aonline resource|bcr|2rdacarrier |
| 490 | 1 |aStatutes of Canada ..., chapter ... ; |vStatutes of Canada 2026, chapter 8, 1st Session, 45th Parliament |
| 500 | |a"First Session, Forty-fifth Parliament, 3-4 Charles III, 2025-2026." |
| 500 | |a"Statutes of Canada 2026, chapter 8." |
| 500 | |a"Assented to May 6, 2026, Bill C-18." |
| 520 | |a"Her Excellency the Governor General recommends to the House of Commons the appropriation of public revenue under the circumstances, in the manner and for the purposes set out in a measure entitled “An Act to implement the Comprehensive Economic Partnership Agreement between Canada and Indonesia”"--Recommendation, page ii. |
| 546 | |aText in English and French. |
| 650 | 0|aFree trade|xLaw and legislation|zCanada. |
| 650 | 0|aFree trade|xLaw and legislation|zIndonesia. |
| 650 | 0|aTariff|xLaw and legislation|zCanada. |
| 650 | 0|aTariff|xLaw and legislation|zIndonesia. |
| 651 | 0|aCanada|xCommercial treaties. |
| 651 | 0|aIndonesia|xCommercial treaties. |
| 651 | 0|aCanada|xForeign economic relations|zIndonesia. |
| 651 | 0|aIndonesia|xForeign economic relations|zCanada. |
| 655 | 7|aStatutes and codes|2lcgft |
| 710 | 1 |aCanada. |bParliament. |bHouse of Commons, |eissuing body. |
| 788 | |tAn Act to implement the Comprehensive Economic Partnership Agreement between Canada and Indonesia = |efre|w(CaOODSP)9.962641 |
| 830 | #0|aStatutes of Canada ..., chapter ...|vStatutes of Canada 2026, chapter 8, 1st Session, 45th Parliament.|w(CaOODSP)9.500677 |
| 856 | 40|qPDF|s507 KB|uhttps://publications.gc.ca/collections/collection_2026/lois-statutes/YX4-2026-8.pdf |
| 856 | 4 |qHTML|sN/A|uhttps://www.parl.ca/DocumentViewer/en/45-1/bill/C-18/royal-assent |